Introduction to marketing, advertising and public relations /

Bibliographic Details
Main Author: Jefkins, Frank
Format: Book
Published: London: Macmillan, 1982.
Subjects:
LEADER 00577cam a2200217 7i4500
001 0000058612
005 20151104090000.0
005 ##20151104180400.0
002 ##000003936
003 ##MY-KlINT
008 151104 00010 eng
020 # # |a 0333324013  
039 # 9 |y 201511041804  |z VLOAD 
090 0 0 |a 659.1 JEF  
100 1 # |a Jefkins, Frank 
245 0 0 |a Introduction to marketing, advertising and public relations /   |c Frank Jefkins. 
260 # # |a London:   |b Macmillan,   |c 1982. 
300 # # |a 290 p;   |c 22cm. 
650 # 0 |a Advertising  
650 # 0 |a Marketing  
650 # 0 |a Public relations